000 00700nam a2200241 i 4500
001 C2-0096277
003 PPAK
005 20180727093552.0
008 970519s my a|||| ||||| | eng d
020 _a9839106627
040 _aPPAK
_beng
_cPPAK
_erda
082 0 4 _a823
_223
090 0 0 _a823
_bSOL
_dK
100 0 _aSolomon,
_eauthor
245 1 2 _aA friend from the land of humans
264 1 _a[Kuala Lumpur] :
_bPenerbitan Ria ,
_c[date of publication not identified]
300 _a[23 pages] :
_bcolour illustrations ;
_c22 cm
336 _2rdacontent
_atext
337 _2rdamedia
_aunmediated
338 _2rdacarrier
_avolume
650 1 0 _aChildren's stories, English
942 _ddc
_cB
999 _c20755
_d20755